000 00341nam a2200133Ia 4500
008 240624s9999 xx 000 0 und d
041 _aeng
082 _a658.4022 OSB
100 _aOSBORNE MARTIN J
245 _aINTRODUCTION TO GAME THEORY
260 _c2012
_aNew Delhi
_bOxford
300 _axvii, : 533 : p. : cm. ; 26
365 _cRS
_b31
999 _c24918
_d24918